Central Library OPAC University of Rajshahi

Control charts in factory management / (Record no. 16170)

MARC details
000 -LEADER
fixed length control field 00949cam a22002891 4500
001 - CONTROL NUMBER
control field 16170
003 - CONTROL NUMBER IDENTIFIER
rucl marc code BD-RjUL
005 - DATE AND TIME OF LATEST TRANSACTION
control field 20211208235952.0
008 - FIXED-LENGTH DATA ELEMENTS--GENERAL INFORMATION
fixed length control field 140211r19551947nyua b 001 0 eng
035 ## - SYSTEM CONTROL NUMBER
System control number (BD-RjUL)16225
System control number (OCoLC)562414
040 ## - CATALOGING SOURCE
Original cataloging agency DLC
Transcribing agency ODaWU
Modifying agency OCoLC
-- DLC
-- BD-RjUL
Language of cataloging eng
041 ## - LANGUAGE CODE
Language code of text/sound track or separate title eng
082 ## - DEWEY DECIMAL CLASSIFICATION NUMBER
Classification number 658.532
Author mark and year RIC
100 1# - MAIN ENTRY--PERSONAL NAME
Personal name Rice, William B.
9 (RLIN) 50042
245 10 - TITLE STATEMENT
Title Control charts in factory management /
Statement of responsibility, etc. William B. Rice ...
260 ## - PUBLICATION, DISTRIBUTION, ETC. (IMPRINT)
Place of publication, distribution, etc. New York ;
Name of publisher, distributor, etc. J. Wiley & Sons, inc.;
Place of publication, distribution, etc. London :
Name of publisher, distributor, etc. Chapman & Hall, ltd.,
Date of publication, distribution, etc. 1947 [reprinted 1955]
300 ## - PHYSICAL DESCRIPTION
Pagination ix, 149 p. :
Illustrations illus., diagrs. ;
Size 24 cm.
504 ## - BIBLIOGRAPHY, ETC. NOTE
Bibliography, etc Includes Bibliographical foot-notes and index.
650 #0 - SUBJECT ADDED ENTRY--TOPICAL TERM
Topical term or geographic name as entry element Production control.
9 (RLIN) 45835
Topical term or geographic name as entry element Sampling (Statistics)
9 (RLIN) 50044
Topical term or geographic name as entry element Factory management.
9 (RLIN) 9511
942 ## - ADDED ENTRY ELEMENTS (KOHA)
Source of classification or shelving scheme Dewey Decimal Classification
Koha item type Books
Holdings
Lost status Source of classification or shelving scheme Damaged status Not for loan Collection code Permanent Location Current Location Shelving location Date acquired Total Checkouts Full call number Date last seen Copy number Koha item type Source of acquisition Cost, normal purchase price
  Dewey Decimal Classification   Not For Loan Non-fiction Central Library, University of Rajshahi Central Library, University of Rajshahi Reading Room 11/02/2014   658.532 RIC 1955 11/02/2014 C-1 Books    
  Dewey Decimal Classification     Non-fiction Central Library, University of Rajshahi Central Library, University of Rajshahi   25/03/1963   658.532 RIC 1955 05/10/2016 C-2 Books Zeithinger 30.00